000 00424nam a22001817a 4500
003 NUST - PNEC
005 20170116181025.0
008 150916b xxu||||| |||| 00| 0 eng d
020 _a0470207051
040 _cLIBRARY
082 _a621.433 CHO
100 _910781
_aCohen h
245 _aGas turbine theory
_cH. Cohen
250 _a2nd ed
260 _cc1972.
650 _910782
_aGas-turbines
_xME
942 _2ddc
_cBK
999 _c67519
_d67519